| 000 | 01195cam a22003498i 4500 | ||
|---|---|---|---|
| 001 | 18382507 | ||
| 003 | Nust- CAS-E | ||
| 005 | 20180118181407.0 | ||
| 008 | 141121s2015 enk 001 0 eng | ||
| 010 | _a 2014044969 | ||
| 020 | _a9781118868003 (cloth) | ||
| 040 |
_aDLC _beng _cDLC _erda |
||
| 042 | _apcc | ||
| 050 | 0 | 0 |
_aHD9502.A2 _bL3325 2015 |
| 082 | 0 | 0 |
_a333.79 _223 _bLAC-E 2015 |
| 100 | 1 | _aLacalle, Daniel. | |
| 245 | 1 | 4 |
_aThe energy world is flat : _bopportunities from the end of peak oil / _cDaniel Lacalle, Diego Parrilla. |
| 263 | _a1502 | ||
| 300 | _apages cm | ||
| 500 | _aIncludes index. | ||
| 502 | _a0 | ||
| 650 | 0 | _aEnergy security. | |
| 650 | 0 | _aEnergy consumption. | |
| 650 | 0 | _aPetroleum reserves. | |
| 650 | 0 | _aPetroleum industry and trade. | |
| 650 | 0 | _aEnergy industries. | |
| 700 | 1 |
_aParrilla, Diego, _d1973- |
|
| 776 | 0 | 8 |
_iOnline version: _aLacalle, Daniel. _tEnergy world is flat _dChichester, West Sussex, United Kingdom : John Wiley & Sons, 2015 _z9781118867983 _w(DLC) 2014046069 |
| 906 |
_a7 _bcbc _corignew _d1 _eecip _f20 _gy-gencatlg |
||
| 942 |
_2ddc _cBK |
||
| 999 |
_c355611 _d355611 |
||